Neural networks : (Record no. 179459)
[ view plain ]
| 000 -LEADER | |
|---|---|
| fixed length control field | 01126 a2200205 4500 |
| 003 - CONTROL NUMBER IDENTIFIER | |
| control field | Nust |
| 005 - DATE AND TIME OF LATEST TRANSACTION | |
| control field | 20221024115530.0 |
| 010 ## - LIBRARY OF CONGRESS CONTROL NUMBER | |
| LC control number | 98007011 |
| 020 ## - INTERNATIONAL STANDARD BOOK NUMBER | |
| International Standard Book Number | 8120323734 |
| 040 ## - CATALOGING SOURCE | |
| Transcribing agency | Nust |
| 082 00 - DEWEY DECIMAL CLASSIFICATION NUMBER | |
| Classification number | 006.3,HAY |
| 100 1# - MAIN ENTRY--PERSONAL NAME | |
| Personal name | Haykin, Simon S., |
| 9 (RLIN) | 97334 |
| 245 10 - TITLE STATEMENT | |
| Title | Neural networks : |
| Remainder of title | a comprehensive foundation / |
| Statement of responsibility, etc. | Simon Haykin. |
| 250 ## - EDITION STATEMENT | |
| Edition statement | 2nd ed. |
| 260 ## - PUBLICATION, DISTRIBUTION, ETC. | |
| Place of publication, distribution, etc. | Upper Saddle River, N.J. : |
| Name of publisher, distributor, etc. | Prentice Hall, |
| Date of publication, distribution, etc. | c1999. |
| 300 ## - PHYSICAL DESCRIPTION | |
| Extent | xxi, 842 p. : |
| Other physical details | ill. ; |
| Dimensions | 25 cm. |
| 505 ## - FORMATTED CONTENTS NOTE | |
| Formatted contents note | Introduction (Page-1), Learning Process (Page-50), Single Layer Perceptions (Page-117), Multilayer Perceptions (Page-156), Radial Basis Function Networks (Page-256), Support Vector Machines (Page-318), Committee Machines (Page-351), Principles Components Analysis (Page-392), Self Organizing Maps (Page-443), Information Theoretic Models (Page-484), Stochastic Machines And Their Approximates Rooted In Statistical Mechanics (Page-545), Nerurodynamic Programming (Page-635), Neurodynamics (Page-664), Dynamically Driven Recurrent Networks (Page-732), |
| 650 #0 - SUBJECT ADDED ENTRY--TOPICAL TERM | |
| Topical term or geographic name entry element | Neural networks (Computer science) |
| 9 (RLIN) | 18586 |
| 942 ## - ADDED ENTRY ELEMENTS (KOHA) | |
| Source of classification or shelving scheme | |
| Koha item type | Book |
| Call number prefix | 006.3,HAY |
| Withdrawn status | Lost status | Source of classification or shelving scheme | Damaged status | Not for loan | Permanent Location | Current Location | Shelving location | Date acquired | Full call number | Barcode | Date last seen | Price effective from | Koha item type | Public note |
|---|---|---|---|---|---|---|---|---|---|---|---|---|---|---|
| Military College of Signals (MCS) | Military College of Signals (MCS) | General Stacks | 12/12/2016 | 006.3,HAY | MCS31861 | 12/08/2016 | 12/12/2016 | Book | Almirah No.7, Shelf No.2 |
